00357pab a2200121 454500008004000000100002300040245008200063260000900145300001400154362001200168650002200180773003300202180718b2009 xxu||||| |||| 00| 0 eng d aRiccucci, Norma M. aThe pursuit of social equity in the federal government: a road less traveled? c2009 ap.373-82. aMay-Jun aSocial inequality aPublic Administration Review